| 000 | 00545nam a22001697a 4500 | ||
|---|---|---|---|
| 003 | NUST | ||
| 038 | _aNusrat Nadeem | ||
| 082 | _a200 | ||
| 100 |
_aMoosa, Muhammad _996817 |
||
| 245 |
_aAutomating Discovery of Vulnerabilities in Network Protocols Through Fuzz Testing / _cMuhammad Moosa |
||
| 264 |
_aIslamabad : _bSEECS, NUST, _c2022. |
||
| 300 | _a79 p. ; | ||
| 650 |
_a MS-Information Security _927215 |
||
| 700 |
_aSupervisor: Dr. Sana Qadir _996818 |
||
| 856 | _uhttp://10.250.8.41:8080/xmlui/handle/123456789/29277 | ||
| 942 |
_2ddc _cSC |
||
| 999 |
_c590886 _d590886 |
||